-
JAYAVEERA, DR. K.N , SUBRAMANYAM Dr. SAND REDDY Dr. K. YOGANANDA
Entry Personal Name
Number of records used in: 1
001 - CONTROL NUMBER
003 - CONTROL NUMBER IDENTIFIER
005 - DATE AND TIME OF LATEST TRANSACTION
- control field:
20240106140049.0
008 - FIXED-LENGTH DATA ELEMENTS
- fixed length control field:
240106|| aca||aabn | a|a d
040 ## - CATALOGING SOURCE
- Original cataloging agency:
JRU
- Transcribing agency:
JRU
100 ## - HEADING--PERSONAL NAME
- Personal name:
JAYAVEERA, DR. K.N , SUBRAMANYAM Dr. SAND REDDY Dr. K. YOGANANDA
670 ## - SOURCE DATA FOUND
- Source citation:
Work cat.: (JRU)7542: JAYAVEERA, DR. K.N , SUBRAMANYAM Dr. SAND REDDY Dr. K. YOGANANDA, PRACTICAL MEDICINAL CHEMISTRY